All the nations under heaven : an ethnic and racial history of New York City = Todas las naciones bajo el cielo: una historia étnica y racial de Nueva York /
Enregistré dans:
| Auteur principal: | |
|---|---|
| Format: | Inconnue |
| Publié: |
New York :
Columbia University Press,
c1995.
|
| Sujets: | |
| Tags: |
Ajouter un tag
Pas de tags, Soyez le premier à ajouter un tag!
|
MARC
| LEADER | 000000000a22000000004500 | ||
|---|---|---|---|
| 001 | 015214 | ||
| 020 | |a 0231078781 | ||
| 082 | 0 | 4 | |a 305.8 |b B613a |
| 100 | 1 | |a Binder, Frederick M. | |
| 245 | 1 | 0 | |a All the nations under heaven : |b an ethnic and racial history of New York City = Todas las naciones bajo el cielo: una historia étnica y racial de Nueva York / |c Frederick M. Binder. |
| 246 | 3 | 1 | |a Todas las naciones bajo el cielo: una historia étnica y racial de Nueva York |
| 260 | 1 | |a New York : |b Columbia University Press, |c c1995. | |
| 300 | |a xii, 353 páginas ; |c 24 cm. | ||
| 650 | 4 | |a ETNOLOGIA | |
| 650 | 4 | |a NUEVA YORK (ESTADOS UNIDOS) | |
| 650 | 4 | |a RELACIONES ETNICAS | |
| 650 | 4 | |a RELACIONES DE RAZA | |
| 500 | |a Colección George Yúdice | ||
| 999 | |c 21072 |d 21072 | ||
| 942 | |c BK |h 305.8 B613a |2 z | ||



